| 000 | 00679nam a2200181 a 4500 | ||
|---|---|---|---|
| 001 | BRCA_6061 | ||
| 005 | 20190320205322.0 | ||
| 008 | 120608s1996----mx-a---###---#000-0#spa-# | ||
| 050 | 4 |
_aN910.M42 _b.G37 1996 |
|
| 100 | 1 |
_aGaragarza Aldama, Rodrigo _915302 |
|
| 245 | 1 | 0 |
_aCreación de nuevos espacios de apoyo para un museo en el centro de la ciudad _banexo Museo Franz Mayer. |
| 260 |
_aCiudad de México _c1996 |
||
| 300 |
_a118 p. _bil., planos |
||
| 502 | _aTesis Licenciatura (Licenciatura en Arquitectura) Universidad Iberoamericana | ||
| 610 | 2 | 4 |
_aMuseo Franz Mayer (Ciudad de México) _vEdificio anexo _xProyecto arquitectónico _915303 |
| 902 | _aTES | ||
| 942 |
_2lcc _cTES |
||
| 999 |
_c5748 _d5748 |
||